00461nam a2200181 a 4500001001300000003000900013005001700022008004100039020002200080082001600102100002100118245002200139260003400161300000900195500003500204650001900239700002100258nice12345678IN_TiNIC20260116013223.0080129s1994 dela grp 000 0 urd  a8185729891 c2000a297.4bIQB4 aIqbal, Mmohammad aTarikh-E-tasavvuf aDelhibMaktaba Alhasnatc1994 a128p aincludes index and biblioraphy aSufism-History1 aIqbal, Mmohammad